| 000 | 01478nam a2200289 4500 | ||
|---|---|---|---|
| 003 | DO-SdUA | ||
| 005 | 20250325093537.0 | ||
| 008 | s2020 dr a|| |||| 0 |a||0|spa d | ||
| 040 |
_aDO-SdUA _bspa _cDO-SdUA |
||
| 041 | 0 | _aspa | |
| 092 | _aMA-PPGE 0076 FCE 2020 | ||
| 100 | 1 | _aFernández Báez, Mayra Joselyn | |
| 245 | 1 | 0 |
_aDesarrollo de la lateralidad a partir de actividades lúdicas en los niños del grado preprimario, sección A, Centro Educativo Francisco del Rosario Sánchez, Distrito 02-05 San Juan Este, año lectivo 2018-2019 / _cMayra Joselyn Fernández Báez, Henna Elizaura Valdez Contreras. |
| 260 |
_aSan Juan de la Maguana : _bUASD, _c2020. |
||
| 300 |
_avii, 95, [43], h. : _bil. |
||
| 502 | _aTesis y trabajo de grado (Maestría en Procesos Pedagógicos y Gestión de la Educación Inicial)--Universidad Autónoma de Santo Domingo, San Juan de la Maguana , 2020. | ||
| 504 | _aIncluye referencias bibliográficas y anexos. | ||
| 650 | 7 |
_2lemb _950888 _aLateralidad (Fisiología) |
|
| 650 | 7 |
_2lemb _916834 _aJuegos infantiles |
|
| 650 | 7 |
_2lemb _916830 _aJuegos escolares |
|
| 650 | 7 |
_2lemb _910513 _aEducación preescolar _xInvestigaciones |
|
| 650 | 7 |
_aProcesos educativos _xInvestigaciones _962412 |
|
| 650 | 7 |
_2lemb _962516 _aAdministración escolar (Educación preescolar) _xInvestigaciones |
|
| 700 | 1 | _aValdez Contreras, Henna Elizaura | |
| 830 | _aTesis y disertaciones académicas (Universidad Autónoma de Santo Domingo) | ||
| 942 |
_2cl _cT _n0 |
||
| 999 |
_c12763 _d12763 |
||